| 000 | 00412cam a2200157ua 4500 | ||
|---|---|---|---|
| 041 |
_aeng _h |
||
| 082 |
_a574.0285 _bJON/IN |
||
| 100 | _aJones , Neil C . | ||
| 245 |
_aIntroduction to bioinformatics algorithms / _cNeil C Jones. _hTextual Documents |
||
| 260 |
_aNew Delhi : _bAne Books , _c2004. |
||
| 300 | _a435 ; . | ||
| 504 | _a | ||
| 700 | 1 | _aPevzner, Pavel A . | |
| 942 | _cBK | ||
| 999 |
_c13385 _d13385 |
||